[Event "8th RTU Open 2018"]
[Site "Riga"]
[Date "2018.08.09"]
[Round "5"]
[White "Kollars, Dmitrij"]
[Black "Kukk, Sander"]
[Result "1-0"]
[WhiteElo "2549"]
[BlackElo "2194"]
[Annotator "TA"]
[PlyCount "57"]
[EventDate "2018.08.06"]
[EventType "swiss"]
[EventCountry "LAT"]
[SourceTitle "playchess.com"]
[Source "ChessBase"]
[SourceQuality "1"]

{[%evp 21,57,64,76,64,87,61,70,56,69,66,89,77,125,110,125,112,126,130,130,126,126,126,127,130,129,123,141,127,230,194,394,379,29992,29993,29993,29994,29994,29995]} 1. e4 g6 2. d4 Bg7 3. Nf3 d6 4. Bc4 Nf6 5. Qe2 O-O 6. e5 dxe5 7. dxe5 Nd5 8. O-O Bg4 {B06: Moderne Verteidigung} 9. Nbd2 Nc6 (9... c6 10. h3 Bf5 11. Nd4 Qc8 12. f4 Bd7 13. a4 Nb6 14. Bb3 c5 15. Nb5 {0-1 (52) Mikaelyan,A (2486)-Aravindh,C (2617) Moscow 2018}) 10. Qe4 Bxf3 11. Nxf3 Nb6 {LiveBook: 3 Partien} 12. Bb3 Na5 13. Be3 $146 ({Vorgänger:} 13. Bg5 Nxb3 14. axb3 Qd5 15. Qh4 {1-0 (27) Rayner,F (2181)-Fegan,C (2013) Paignton 2013}) 13... c6 14. Qh4 Nxb3 15. axb3 Nd5 16. Bh6 {zielt auf Sg5 ab.} f6 17. c4 {[#] Und Lxg7 würde nun gewinnen.} Nc7 18. Rfe1 {Tad1 ist eine echte Drohung.} Re8 19. Rad1 Qc8 20. Bxg7 Kxg7 21. Re3 Ne6 22. exf6+ exf6 23. Rd6 $36 {[%mdl 2048] Weiss bestimmt, wo es lang geht.} a5 24. h3 g5 (24... c5 $16) 25. Qg3 Nf4 $2 {[#]} (25... Nf8 {ist eine bessere Verteidigung.} 26. Rxf6 Rxe3) 26. Rxf6 $1 $18 {[%mdl 512]} Kxf6 $2 (26... Ng6 $18) 27. Qxg5+ {Weiß setzt Matt.} Kf7 28. Qxf4+ Kg8 29. Ne5 {Precision: Weiß = 93%, Schwarz = 36%.} 1-0

[Event "8th RTU Open 2018"]
[Site "Riga"]
[Date "2018.08.09"]
[Round "5"]
[White "Zakhartsov, Viacheslav V"]
[Black "Krykun, Yuriy"]
[Result "1/2-1/2"]
[WhiteElo "2544"]
[BlackElo "2325"]
[Annotator "TA"]
[PlyCount "36"]
[EventDate "2018.08.06"]
[EventType "swiss"]
[EventCountry "LAT"]
[SourceTitle "playchess.com"]
[Source "ChessBase"]
[SourceQuality "1"]

{[%evp 30,36,0,0,0,0,0,-41,-37]} 1. d4 Nf6 2. c4 e6 3. Nc3 d5 4. cxd5 Nxd5 5. e4 Nxc3 6. bxc3 c5 7. Nf3 cxd4 8. cxd4 Bb4+ 9. Bd2 Bxd2+ 10. Qxd2 O-O 11. Rc1 b6 {D41: Queen's Gambit Declined: Semi-Tarrasch with 5 cxd5} 12. Bd3 Bb7 13. O-O Nd7 14. Qf4 h6 15. e5 Rc8 16. Nd2 {[#] LiveBook: 3 Games} Nc5 $146 {[%cal Bd7c5,Bc5a6,Ba6b4][%mdl 32]} ({Predecessor:} 16... Rxc1 17. Rxc1 f6 18. Qg4 Nxe5 19. Qxe6+ {½-½ (37) Nakamura,H (2787)-Kramnik,V (2812) Paris 2016}) 17. Bc4 Na6 18. Bb3 Nb4 1/2-1/2

[Event "8th RTU Open 2018"]
[Site "Riga"]
[Date "2018.08.09"]
[Round "5"]
[White "Lobanov, Sergei"]
[Black "Shishkov, Andrei"]
[Result "1/2-1/2"]
[WhiteElo "2531"]
[BlackElo "2370"]
[Annotator "TA"]
[PlyCount "73"]
[EventDate "2018.08.06"]
[EventType "swiss"]
[EventCountry "LAT"]
[SourceTitle "playchess.com"]
[Source "ChessBase"]
[SourceQuality "1"]

{[%evp 19,73,0,0,-23,14,18,108,107,86,15,66,0,0,0,0,0,0,0,0,-137,-140,-152,-145,-170,-170,-157,-158,-231,-234,-229,-217,-230,-233,-251,-208,-221,-165,-198,-212,-185,-115,-130,-63,-62,-56,-40,0,0,0,0,0,0,0,0,0,-8]} 1. e4 c5 2. Nf3 d6 3. d4 cxd4 4. Nxd4 Nf6 5. Nc3 a6 6. f3 e6 7. Be3 b5 8. Qd2 Nbd7 9. g4 b4 {B80: Sicilian Scheveningen: 6 g3 and 6 Be3, including English Attack} (9... h6 10. O-O-O b4 11. Na4 Ne5 12. Kb1 Bd7 13. b3 Bxa4 14. bxa4 Qc7 15. Be2 Be7 16. h4 Nc4 17. Bxc4 Qxc4 18. Qd3 {1-0 (49) Caruana,F (2802)-Hou,Y (2652) chess.com INT 2017}) 10. Na4 h6 $1 {LiveBook: 159 Games} 11. Bc4 Qc7 {Black has an edge.} (11... Ne5 $5 {[%cal Re5c4]} 12. Bb3 Be7 $11) 12. Bb3 Bb7 (12... Be7 $11) 13. O-O-O $16 ({Much weaker is} 13. Qxb4 d5 $15) 13... d5 14. exd5 (14. h4 $1 $16) 14... Nxd5 $11 15. Bf2 $146 (15. Rhe1 $14) ({Predecessor:} 15. Kb1 Be7 16. h4 Nxe3 17. Qxe3 {1-0 (35) Holzmann,J (2172)-Koelber,D (2064) Austria 2018}) 15... Bd6 $36 {[%mdl 2048] And now ...Bf4 would win. Black is more active.} 16. Kb1 O-O 17. Bg3 Bxg3 18. hxg3 Qxg3 19. Nf5 (19. Bxd5 $1 $11 Bxd5 20. Nf5 exf5 21. Qxd5) 19... exf5 $17 ({Avoid the trap} 19... Qxf3 $2 20. Nxh6+ $1 {[%mdl 512]} gxh6 21. Qxh6 $18) 20. Bxd5 Bxd5 21. Qxd5 Ne5 22. gxf5 Rad8 23. Qxd8 (23. Qb7 $17) 23... Rxd8 $19 24. Rxd8+ Kh7 25. Rdd1 Qxf3 26. Nc5 a5 27. Rhf1 Qc6 28. Nd3 {[#]} Nc4 $1 {[%cal Rc4e3]} 29. Rf2 a4 ({Better is} 29... Qd5 $19 30. Rg1 Qd4) 30. Rg1 $17 {[#]} b3 $1 {[%mdl 512]} 31. Rfg2 (31. axb3 axb3) 31... bxc2+ 32. Kc1 $1 g5 (32... Qf6 {with more complications.} 33. Rxg7+ Qxg7 34. Rxg7+ Kxg7 35. Kxc2 Nd6) 33. fxg6+ $1 {The position is equal.} fxg6 34. Rxg6 Qxg6 35. Rxg6 Kxg6 36. Kxc2 Kf5 37. b3 {Precision: White = 63%, Black = 61%.} 1/2-1/2

[Event "8th RTU Open 2018"]
[Site "Riga"]
[Date "2018.08.09"]
[Round "5"]
[White "Meskovs, Nikita"]
[Black "Sinz, Bernhard"]
[Result "1-0"]
[WhiteElo "2524"]
[BlackElo "2377"]
[Annotator "ChessBase"]
[PlyCount "85"]
[EventDate "2018.08.06"]
[EventType "swiss"]
[EventCountry "LAT"]
[SourceTitle "playchess.com"]
[Source "ChessBase"]
[SourceQuality "1"]
[TimeControl "5400+30"]

1. c4 {[%emt 0:03:44]} e5 {[%emt 0:00:00]} 2. Nc3 {[%emt 0:00:14]} Nf6 {[%emt 0:00:04]} 3. Nf3 {[%emt 0:00:34]} Nc6 {[%emt 0:00:10]} 4. g3 {[%emt 0:00:12]} Bb4 {[%emt 0:00:26]} 5. Bg2 {[%emt 0:00:10]} O-O {[%emt 0:00:25]} 6. O-O {[%emt 0:00:12]} e4 {[%emt 0:00:47]} 7. Ng5 {[%emt 0:02:11]} Bxc3 {[%emt 0:00:18]} 8. bxc3 {[%emt 0:00:06]} Re8 {[%emt 0:00:29]} 9. f3 {[%emt 0:00:56]} e3 {[%emt 0:00:28]} 10. dxe3 {[%emt 0:03:23]} b6 {[%emt 0:00:46]} 11. Qa4 {[%emt 0:13:13]} Qe7 {[%emt 0:04:51]} 12. Nh3 {[%emt 0:14:16]} Na5 {[%emt 0:09:57]} 13. Nf4 {[%emt 0:03:36]} Bb7 {[%emt 0:15:37]} 14. Nd3 {[%emt 0:13:10]} c5 {[%emt 0:09:44]} 15. Nb2 {[%emt 0:07:05]} Qe6 {[%emt 0:09:51]} 16. e4 {[%emt 0:03:20]} h6 {[%emt 0:04:48]} 17. Rd1 {[%emt 0:05:27]} Bc6 {[%emt 0:01:49]} 18. Qc2 {[%emt 0:00:06]} Nxc4 {[%emt 0:00:35]} 19. Nxc4 {[%emt 0:00:05]} Qxc4 {[%emt 0:00:07]} 20. Rd6 {[%emt 0:01:37]} Re6 {[%emt 0:03:53]} 21. Bf4 {[%emt 0:01:11]} Nh5 {[%emt 0:02:39]} 22. Qd3 {[%emt 0:01:12]} Qxd3 {[%emt 0:07:35]} 23. Rxd3 {[%emt 0:00:09]} g5 {[%emt 0:17:27]} 24. Be3 {[%emt 0:04:25]} Bb5 {[%emt 0:03:09]} 25. Rd2 {[%emt 0:00:46]} Nf6 {[%emt 0:04:13]} 26. a4 {[%emt 0:04:16]} Bc4 {[%emt 0:00:03]} 27. a5 {[%emt 0:01:41]} Rae8 {[%emt 0:00:51]} 28. h4 {[%emt 0:05:55]} gxh4 {[%emt 0:00:52]} 29. Bh3 {[%emt 0:00:00]} Rc6 {[%emt 0:01:44]} 30. axb6 {[%emt 0:05:16]} axb6 {[%emt 0:00:01]} 31. gxh4 {[%emt 0:00:06]} d5 {[%emt 0:00:04]} 32. Kh1 {[%emt 0:00:03]} dxe4 {[%emt 0:01:00]} 33. Rg1+ {[%emt 0:00:01]} Kh8 {[%emt 0:00:33]} 34. Bxh6 {[%emt 0:00:42]} Nh5 {[%emt 0:00:05]} 35. Bd7 {[%emt 0:01:20]} Rxh6 {[%emt 0:00:09]} 36. Bxe8 {[%emt 0:00:01]} e3 {[%emt 0:01:43]} 37. Rd8 {[%emt 0:03:00]} Kh7 {[%emt 0:00:01]} 38. Ba4 {[%emt 0:00:08]} f5 {[%emt 0:01:01]} 39. Bc2 {[%emt 0:01:13]} Be6 {[%emt 0:00:19]} 40. Re8 {[%emt 0:03:42]} Nf4 {[%emt 0:00:06]} 41. Rg4 {[%emt 0:00:18]} Bd7 42. Re7+ {[%emt 0:00:09]} Kh8 {[%emt 0:01:17]} 43. Rxf4 {[%emt 0:00:08]} 1-0

[Event "8th RTU Open 2018"]
[Site "Riga"]
[Date "2018.08.09"]
[Round "5"]
[White "Annaberdiev, Meilis"]
[Black "Narva, Mai"]
[Result "1-0"]
[WhiteElo "2509"]
[BlackElo "2320"]
[Annotator "TA"]
[PlyCount "77"]
[EventDate "2018.08.06"]
[EventType "swiss"]
[EventCountry "LAT"]
[SourceTitle "playchess.com"]
[Source "ChessBase"]
[SourceQuality "1"]

{[%evp 14,77,42,28,80,27,62,45,82,75,120,134,132,123,110,72,142,137,167,147,148,133,162,147,152,144,146,123,111,44,52,53,52,52,52,53,55,45,50,46,78,73,90,97,126,118,171,158,312,299,318,294,808,81,85,0,56,0,985,967,840,832,29995,29996,29996,29997]} 1. e4 c5 2. Nc3 Nc6 3. Bb5 g6 4. Bxc6 dxc6 5. d3 (5. f4 Bg7 6. Nf3 h5 7. d3 Nh6 8. h3 O-O 9. O-O b5 10. Be3 c4 11. dxc4 Qxd1 12. Raxd1 bxc4 13. Ne5 {1-0 (34) Jovanovic,Z (2534)-Naiditsch,A (2687) Tallinn 2016}) 5... Nf6 6. Be3 {B23: Closed Sicilian: Lines without g3} b6 7. h3 Bg7 8. Qd2 {LiveBook: 6 Games. White is slightly better.} h5 (8... e5 $11 {remains equal.}) 9. Nf3 (9. f4 $16) 9... a5 $146 ({Predecessor:} 9... Nd7 10. Ng5 e5 11. f4 exf4 12. Bxf4 Nf8 13. Rf1 Be6 14. O-O-O f6 15. Nf3 {½-½ (27) Licina,Z (2256)-Majeric,Z (2276) Osijek 2012}) 10. O-O O-O 11. Bh6 Ba6 12. Rad1 Qc7 13. Bxg7 Kxg7 14. Ng5 b5 (14... Nh7 $142) 15. f4 $16 b4 16. Ne2 e6 17. b3 Rad8 18. Qe3 Qe7 19. Ng3 Bc8 20. Qf2 Nd7 21. Rde1 (21. Nf3 $16) 21... e5 $1 $14 22. Ne2 exf4 23. Nf3 Ne5 24. Nxf4 Nxf3+ 25. Qxf3 Qe5 $1 26. Kh1 a4 27. bxa4 Bd7 28. Qf2 Ra8 29. Re3 {[%cal Be1e3,Be3g3,Bg3g5][%mdl 32]} Rxa4 (29... Kh6 $16) 30. Qh4 $1 $18 Rxa2 $2 (30... Raa8 $16) 31. Rg3 $1 Rh8 32. Rg5 Qd4 $2 {[#]} (32... Qe8 33. Rxc5 f6) 33. e5 $2 ({Not} 33. Nxh5+ Rxh5 34. Qxh5 Rxc2 $11) (33. Rxg6+ $1 $18 {[%mdl 512] and the rest is easy.} fxg6 34. Qg5) 33... Rh6 $16 {[#]} 34. Qg3 (34. e6 $1 $16 {[%mdl 512]} Bxe6 {[#]} 35. Rxc5 $1 {[%mdl 512]}) 34... Bg4 ({But not} 34... Rxc2 $2 35. e6 $18) (34... Ra1 $1 $11 35. Qf3 Bf5 36. Nxh5+ Rxh5 37. Qxf5 Rxf1+ 38. Qxf1 Rxg5 39. Qf6+ Kf8 40. Qxg5 c4 41. dxc4 Ke8) 35. e6 (35. Kh2 $14 Qd8 36. e6 (36. Qh4 Qd7 $11) 36... Qxg5 37. exf7 Kxf7 38. Nxh5+ Ke6 39. Rf6+ Qxf6 40. Qxg4+ Qf5 41. Ng7+ Kf6 42. Nxf5 gxf5 43. Qc4) 35... Ra7 $2 {[%mdl 8192]} (35... Ra1 $11 36. Rxa1 Qxa1+ 37. Kh2 Qf6 38. exf7 Kxf7 39. Rxg6 Rxg6 40. Nxg6 Kxg6) 36. exf7 $18 Rxf7 37. Rxg4 {White threatens Ne6+ and mate.} hxg4 38. Ne6+ Kg8 39. Qb8+ {Precision: White = 56%, Black = 33%.} 1-0

[Event "8th RTU Open 2018"]
[Site "Riga"]
[Date "2018.08.09"]
[Round "5"]
[White "Anurag, Mhamal"]
[Black "Mishuchkov, Nikolai Mikhailovic"]
[Result "1/2-1/2"]
[WhiteElo "2484"]
[BlackElo "2307"]
[Annotator "ChessBase"]
[PlyCount "102"]
[EventDate "2018.08.06"]
[EventType "swiss"]
[EventCountry "LAT"]
[SourceTitle "playchess.com"]
[Source "ChessBase"]
[SourceQuality "1"]
[TimeControl "5400+30"]

1. e4 {[%emt 0:11:40]} c5 {[%emt 0:00:12]} 2. Nf3 {[%emt 0:00:08]} e6 {[%emt 0:00:06]} 3. d4 {[%emt 0:00:23]} cxd4 {[%emt 0:00:07]} 4. Nxd4 {[%emt 0:00:04]} a6 {[%emt 0:00:12]} 5. c4 {[%emt 0:00:30]} Nf6 {[%emt 0:00:29]} 6. Nc3 {[%emt 0:00:05]} Qc7 {[%emt 0:00:10]} 7. a3 {[%emt 0:01:06]} b6 {[%emt 0:05:52]} 8. Be3 {[%emt 0:03:52]} Bb7 {[%emt 0:01:55]} 9. f3 {[%emt 0:00:05]} d6 {[%emt 0:00:27]} 10. Be2 {[%emt 0:00:08]} Nbd7 {[%emt 0:00:07]} 11. O-O {[%emt 0:00:04]} Be7 {[%emt 0:00:05]} 12. Rc1 {[%emt 0:01:08]} O-O {[%emt 0:00:12]} 13. Qe1 {[%emt 0:01:11]} Rac8 {[%emt 0:06:05]} 14. Qf2 {[%emt 0:00:53]} Qb8 {[%emt 0:00:27]} 15. Rfd1 {[%emt 0:23:07]} Rfe8 {[%emt 0:01:27]} 16. g4 {[%emt 0:02:22]} Ne5 {[%emt 0:05:27]} 17. g5 {[%emt 0:00:20]} Nfd7 {[%emt 0:00:05]} 18. Qf1 {[%emt 0:00:34]} Nc6 {[%emt 0:06:18]} 19. Nb3 {[%emt 0:10:50]} Bd8 {[%emt 0:06:01]} 20. Nd2 {[%emt 0:09:43]} Bc7 {[%emt 0:01:18]} 21. Qf2 {[%emt 0:00:05]} Rcd8 {[%emt 0:01:18]} 22. Nf1 {[%emt 0:00:43]} Ne7 {[%emt 0:02:07]} 23. b4 {[%emt 0:01:39]} d5 {[%emt 0:02:19]} 24. cxd5 {[%emt 0:00:28]} exd5 {[%emt 0:00:07]} 25. Nxd5 {[%emt 0:00:39]} Nxd5 {[%emt 0:00:48]} 26. exd5 {[%emt 0:00:28]} Bf4 {[%emt 0:01:50]} 27. Bxf4 {[%emt 0:05:16]} Qxf4 {[%emt 0:00:38]} 28. Qg3 {[%emt 0:00:04]} Qe5 {[%emt 0:07:38]} 29. Rd2 {[%emt 0:05:15]} Nf8 {[%emt 0:05:28]} 30. Rc7 {[%emt 0:00:27]} Qxg3+ {[%emt 0:02:34]} 31. Nxg3 {[%emt 0:00:04]} Bxd5 {[%emt 0:00:10]} 32. Nf5 {[%emt 0:01:02]} Ng6 {[%emt 0:01:27]} 33. Bxa6 {[%emt 0:00:45]} Bxf3 {[%emt 0:01:20]} 34. Rxd8 {[%emt 0:10:44]} Rxd8 {[%emt 0:00:05]} 35. Bc4 {[%emt 0:00:01]} Ne5 {[%emt 0:00:37]} 36. Bb3 {[%emt 0:00:01]} Bd1 {[%emt 0:08:03]} 37. Bxd1 {[%emt 0:00:20]} Rxd1+ {[%emt 0:00:03]} 38. Kf2 {[%emt 0:04:19]} h6 {[%emt 0:07:18]} 39. gxh6 {[%emt 0:00:04]} gxh6 {[%emt 0:00:13]} 40. Re7 {[%emt 0:04:04]} Rd2+ {[%emt 0:05:53]} 41. Kf1 {[%emt 0:01:24]} Ng4 {[%emt 0:01:05]} 42. Re2 {[%emt 0:01:25]} Nxh2+ {[%emt 0:03:16]} 43. Ke1 {[%emt 0:00:09]} Nf3+ {[%emt 0:04:14]} 44. Kf2 {[%emt 0:00:05]} Rxe2+ {[%emt 0:00:49]} 45. Kxe2 {[%emt 0:00:05]} Ne5 {[%emt 0:00:03]} 46. Nxh6+ {[%emt 0:00:07]} Kg7 {[%emt 0:00:57]} 47. Nf5+ {[%emt 0:00:06]} Kf6 {[%emt 0:00:15]} 48. Nd4 {[%emt 0:01:08]} Nc4 {[%emt 0:00:21]} 49. a4 {[%emt 0:00:21]} Ke5 {[%emt 0:00:23]} 50. Nb3 {[%emt 0:01:29]} Kd5 {[%emt 0:01:50]} 51. a5 {[%emt 0:00:02]} bxa5 {[%emt 0:01:07]} 1/2-1/2

[Event "8th RTU Open 2018"]
[Site "Riga"]
[Date "2018.08.09"]
[Round "5"]
[White "Gretarsson, Helgi Ass"]
[Black "Dordzhieva, Dinara"]
[Result "0-1"]
[WhiteElo "2480"]
[BlackElo "2314"]
[Annotator "RC"]
[PlyCount "70"]
[EventDate "2018.08.06"]
[EventType "swiss"]
[EventCountry "LAT"]
[SourceTitle "playchess.com"]
[Source "ChessBase"]
[SourceQuality "1"]
[TimeControl "5400+30"]

1. d4 {[%emt 0:00:00]} d5 {[%emt 0:05:22]} 2. c4 {[%emt 0:00:00]} e6 {[%emt 0:00:04]} 3. Nf3 {[%emt 0:00:39]} Nf6 {[%emt 0:00:07]} 4. Nc3 {[%emt 0:06:25]} c6 {[%emt 0:01:11]} 5. Qb3 {[%emt 0:03:44]} Nbd7 {[%emt 0:01:37]} 6. g3 {[%emt 0:00:32]} Nb6 {[%emt 0:07:28]} 7. e3 {[%emt 0:17:18]} Nxc4 {[%emt 0:04:25]} 8. Bxc4 {[%emt 0:00:05]} dxc4 {[%emt 0:00:02]} 9. Qxc4 {[%emt 0:00:06]} Be7 {[%emt 0:00:19]} 10. e4 {[%emt 0:01:36]} b5 {[%emt 0:06:18]} 11. Qe2 {[%emt 0:01:26]} b4 {[%emt 0:00:03]} 12. Na4 {[%emt 0:00:06]} a5 {[%emt 0:01:38]} 13. Qc2 {[%emt 0:07:42]} O-O {[%emt 0:08:57]} 14. Bg5 {[%emt 0:08:46]} Ba6 {[%emt 0:09:51]} 15. O-O-O {[%emt 0:17:34]} Bb5 {[%emt 0:02:08]} 16. Rhe1 {[%emt 0:00:29]} h6 {[%emt 0:09:02]} 17. Bxf6 {[%emt 0:02:00]} Bxf6 {[%emt 0:00:03]} 18. Nc5 {[%emt 0:01:14]} Qc7 {[%emt 0:01:03]} 19. h4 {[%emt 0:02:45]} Rfd8 {[%emt 0:00:53]} 20. Kb1 {[%emt 0:02:57]} Be7 {[%emt 0:03:55]} 21. Qc1 {[%emt 0:06:53]} Qa7 {[%emt 0:07:40]} 22. Qe3 {[%emt 0:00:18]} a4 {[%emt 0:03:05]} 23. Rc1 {[%emt 0:00:11]} h5 {[%emt 0:03:47]} 24. Ne5 {[%emt 0:06:24]} f6 {[%emt 0:10:15]} 25. Ng6 {[%emt 0:01:15]} Bxc5 {[%emt 0:02:01]} 26. Rxc5 {[%emt 0:00:08]} a3 {[%emt 0:01:22]} 27. b3 {[%emt 0:07:06]} Qf7 {[%emt 0:02:38]} 28. Nf4 {[%emt 0:00:20]} e5 {[%emt 0:00:06]} 29. dxe5 {[%emt 0:00:15]} fxe5 {[%emt 0:00:07]} 30. Rxe5 {[%emt 0:00:23]} Qf6 {[%emt 0:00:11]} 31. Qc5 {[%emt 0:00:35]} Rd2 {[%emt 0:00:32]} 32. Nxh5 {[%emt 0:02:47]} Qf3 {[%emt 0:02:31]} 33. Nf4 {[%emt 0:03:45]} Bd3+ {[%emt 0:00:41]} 34. Kc1 {[%emt 0:00:41]} Rc2+ {[%emt 0:00:30]} 35. Qxc2 {[%emt 0:00:08]} Bxc2 {[%emt 0:00:02]} 0-1

[Event "8th RTU Open 2018"]
[Site "Riga"]
[Date "2018.08.09"]
[Round "5"]
[White "Laurusas, Tomas"]
[Black "Hovhannisyan, Robert"]
[Result "0-1"]
[WhiteElo "2463"]
[BlackElo "2608"]
[Annotator "ChessBase"]
[PlyCount "98"]
[EventDate "2018.08.06"]
[EventType "swiss"]
[EventCountry "LAT"]
[SourceTitle "playchess.com"]
[Source "ChessBase"]
[SourceQuality "1"]
[TimeControl "5400+30"]

1. d4 {[%emt 0:17:32]} d5 {[%emt 0:00:00]} 2. c4 {[%emt 0:00:11]} c6 {[%emt 0:00:00]} 3. Nf3 {[%emt 0:01:31]} Nf6 {[%emt 0:00:00]} 4. Nc3 {[%emt 0:00:08]} e6 {[%emt 0:00:09]} 5. cxd5 {[%emt 0:03:41]} exd5 {[%emt 0:00:07]} 6. Qc2 {[%emt 0:00:05]} Be6 {[%emt 0:14:21]} 7. Bf4 {[%emt 0:06:19]} Bd6 {[%emt 0:02:52]} 8. Bxd6 {[%emt 0:04:09]} Qxd6 {[%emt 0:00:06]} 9. e3 {[%emt 0:00:05]} Nbd7 {[%emt 0:06:23]} 10. Bd3 {[%emt 0:02:33]} O-O {[%emt 0:06:22]} 11. h3 {[%emt 0:01:37]} g6 {[%emt 0:02:36]} 12. O-O {[%emt 0:01:19]} Qe7 {[%emt 0:02:15]} 13. Rfe1 {[%emt 0:06:02]} Nb6 {[%emt 0:11:30]} 14. Rac1 Nc8 15. a3 {[%emt 0:03:59]} Nd6 {[%emt 0:02:51]} 16. Ne5 {[%emt 0:01:57]} Nd7 {[%emt 0:02:20]} 17. Nxd7 {[%emt 0:00:37]} Qxd7 {[%emt 0:02:32]} 18. Na4 {[%emt 0:04:58]} Bf5 {[%emt 0:01:30]} 19. Nc5 {[%emt 0:01:06]} Qe7 {[%emt 0:03:38]} 20. a4 {[%emt 0:00:59]} Bxd3 {[%emt 0:00:42]} 21. Nxd3 {[%emt 0:00:12]} Rae8 {[%emt 0:01:19]} 22. Qc5 {[%emt 0:02:55]} a6 {[%emt 0:01:38]} 23. Qb4 {[%emt 0:04:31]} f6 {[%emt 0:00:37]} 24. Rc2 {[%emt 0:00:29]} Rf7 {[%emt 0:01:10]} 25. Rce2 {[%emt 0:01:34]} Qd8 26. Nc5 {[%emt 0:01:05]} Rfe7 {[%emt 0:01:19]} 27. Rc1 h5 {[%emt 0:01:50]} 28. b3 {[%emt 0:01:03]} h4 {[%emt 0:02:29]} 29. a5 {[%emt 0:02:48]} g5 {[%emt 0:02:38]} 30. Rec2 {[%emt 0:02:47]} Qb8 {[%emt 0:04:05]} 31. Nd3 {[%emt 0:04:24]} Rg7 {[%emt 0:00:56]} 32. Nc5 {[%emt 0:01:31]} Kh8 {[%emt 0:01:21]} 33. Nxa6 {[%emt 0:02:47]} bxa6 {[%emt 0:00:07]} 34. Qxb8 {[%emt 0:00:04]} Rxb8 {[%emt 0:00:04]} 35. Rxc6 {[%emt 0:00:06]} Rd7 {[%emt 0:02:32]} 36. Rxa6 {[%emt 0:01:14]} Rxb3 {[%emt 0:00:19]} 37. Ra8+ {[%emt 0:04:04]} Kg7 38. a6 {[%emt 0:03:54]} Ra3 {[%emt 0:05:05]} 39. Rb1 Nf7 40. Kh2 {[%emt 0:13:20]} Rd6 {[%emt 0:02:28]} 41. g3 {[%emt 0:00:19]} Raxa6 {[%emt 0:01:40]} 42. Rxa6 {[%emt 0:00:18]} Rxa6 {[%emt 0:01:28]} 43. gxh4 {[%emt 0:00:18]} gxh4 {[%emt 0:00:08]} 44. Rg1+ {[%emt 0:00:28]} Kh6 {[%emt 0:00:23]} 45. Rg4 {[%emt 0:00:09]} Kh5 {[%emt 0:00:15]} 46. Rg7 {[%emt 0:00:53]} Ng5 {[%emt 0:01:40]} 47. Kg2 {[%emt 0:00:36]} Kh6 {[%emt 0:01:19]} 48. Rd7 {[%emt 0:00:24]} Ra5 {[%emt 0:00:05]} 49. Rb7 {[%emt 0:00:27]} Ra2 {[%emt 0:00:32]} 0-1

[Event "8th RTU Open 2018"]
[Site "Riga"]
[Date "2018.08.09"]
[Round "5"]
[White "Gorodetzky, David"]
[Black "Pulkkinen, Kari"]
[Result "1/2-1/2"]
[WhiteElo "2451"]
[BlackElo "2242"]
[Annotator "ChessBase"]
[PlyCount "52"]
[EventDate "2018.08.06"]
[EventType "swiss"]
[EventCountry "LAT"]
[SourceTitle "playchess.com"]
[Source "ChessBase"]
[SourceQuality "1"]
[TimeControl "5400+30"]

1. d4 {[%emt 0:00:13]} Nf6 {[%emt 0:00:00]} 2. Nf3 {[%emt 0:00:03]} g6 {[%emt 0:00:35]} 3. b3 {[%emt 0:02:48]} Bg7 {[%emt 0:04:37]} 4. Bb2 {[%emt 0:01:43]} O-O {[%emt 0:00:56]} 5. e3 {[%emt 0:08:12]} c5 {[%emt 0:03:40]} 6. Bd3 {[%emt 0:13:07]} cxd4 {[%emt 0:01:34]} 7. exd4 {[%emt 0:00:07]} d6 {[%emt 0:01:17]} 8. O-O {[%emt 0:01:13]} Nc6 {[%emt 0:01:05]} 9. Re1 {[%emt 0:05:25]} Nb4 {[%emt 0:07:36]} 10. Bf1 {[%emt 0:04:49]} Bf5 {[%emt 0:01:52]} 11. Na3 {[%emt 0:00:34]} a5 {[%emt 0:03:13]} 12. c3 {[%emt 0:07:17]} Nbd5 {[%emt 0:00:45]} 13. Bd3 {[%emt 0:07:12]} Bxd3 {[%emt 0:01:27]} 14. Qxd3 {[%emt 0:00:02]} Qd7 {[%emt 0:03:51]} 15. Qb5 {[%emt 0:08:03]} Qc7 {[%emt 0:03:08]} 16. Qf1 {[%emt 0:07:40]} Rfc8 {[%emt 0:02:15]} 17. c4 {[%emt 0:03:49]} Nb4 {[%emt 0:01:55]} 18. d5 {[%emt 0:01:05]} Re8 {[%emt 0:07:40]} 19. Bc3 {[%emt 0:06:55]} Qc5 {[%emt 0:05:49]} 20. Bd4 {[%emt 0:01:16]} Qc8 {[%emt 0:00:25]} 21. Qe2 {[%emt 0:08:53]} e6 {[%emt 0:07:38]} 22. dxe6 {[%emt 0:00:42]} Rxe6 {[%emt 0:00:07]} 23. Qf1 {[%emt 0:00:54]} d5 {[%emt 0:03:23]} 24. Red1 {[%emt 0:03:18]} dxc4 {[%emt 0:01:53]} 25. Nxc4 {[%emt 0:00:34]} Qe8 {[%emt 0:01:56]} 26. Ng5 {[%emt 0:03:33]} Re7 1/2-1/2